| 000 | 00445nam a2200169Ia 4500 | ||
|---|---|---|---|
| 008 | 230917s9999||||xx |||||||||||||| ||und|| | ||
| 020 | _cRS 575.00 | ||
| 040 |
_e5004247 _aMAIN |
||
| 041 | _aEnglish | ||
| 082 | _a621.46 A36E | ||
| 100 | _aAshraf, Imtiaz | ||
| 245 | 0 | _aElectrical machines | |
| 260 |
_aNew Delhi _bI K International _c2020 |
||
| 300 | _axvi, 511 p. | ||
| 500 | _a4508 27/01/2022 HBD22/9300 04/03/2022 Main Budget | ||
| 942 | _cBK | ||
| 999 |
_c5293 _d5293 |
||